The theory of quark and gluon interactions / (Record no. 26741)

MARC details
000 -LEADER
fixed length control field 00961nam a2200301 i 4500
001 - CONTROL NUMBER
control field ocm71008234
003 - CONTROL NUMBER IDENTIFIER
control field EG-ScBUE
005 - DATE AND TIME OF LATEST TRANSACTION
control field 20250618092330.0
008 - FIXED-LENGTH DATA ELEMENTS--GENERAL INFORMATION
fixed length control field 060818t2006 gw a f b 001 0 eng d
020 ## - INTERNATIONAL STANDARD BOOK NUMBER
International Standard Book Number 354033209X
020 ## - INTERNATIONAL STANDARD BOOK NUMBER
International Standard Book Number 9783540332091
040 ## - CATALOGING SOURCE
Original cataloging agency OHX
Language of cataloging eng
Description conventions rda
Transcribing agency OHX
Modifying agency BAKER
-- EG-ScBUE
082 04 - DEWEY DECIMAL CLASSIFICATION NUMBER
Edition number 22
Classification number 539.7548
Item number YND
100 1# - MAIN ENTRY--PERSONAL NAME
Personal name Ynduráin, F. J.,
Relator term author.
245 14 - TITLE STATEMENT
Title The theory of quark and gluon interactions /
Statement of responsibility, etc Francisco J. Ynduráin.
250 ## - EDITION STATEMENT
Edition statement Fourth edition,
Remainder of edition statement expanded and updated.
264 #1 - PUBLICATION, DISTRIBUTION, ETC. (IMPRINT)
Place of publication, distribution, etc Berlin ;
-- New York :
Name of publisher, distributor, etc Springer,
Date of publication, distribution, etc [2006]
264 #4 - PUBLICATION, DISTRIBUTION, ETC. (IMPRINT)
Date of publication, distribution, etc c2006
300 ## - PHYSICAL DESCRIPTION
Extent xx, 474 pages :
Other physical details illustrations ;
Dimensions 25 cm
336 ## - CONTENT TYPE
Source rdacontent
Content type term text
Content type code txt
337 ## - MEDIA TYPE
Media type term unmediated
Source rdamedia
Media type code n
338 ## - CARRIER TYPE
Carrier type term volume
Carrier type code nc
Source rdacarrier
504 ## - BIBLIOGRAPHY, ETC. NOTE
Bibliography, etc Includes bibliographical references and index.
650 #7 - SUBJECT ADDED ENTRY--TOPICAL TERM
Topical term or geographic name as entry element Quantum chromodynamics.
Source of heading or term BUEsh
9 (RLIN) 6847
653 ## - INDEX TERM--UNCONTROLLED
Resource For college Generalities
Arrived date list May2018
655 ## - INDEX TERM--GENRE/FORM
Form subdivision Reading book
942 ## - ADDED ENTRY ELEMENTS (KOHA)
Source of classification or shelving scheme Dewey Decimal Classification
Koha item type Book - Borrowing
Holdings
Withdrawn status Lost status Source of classification or shelving scheme Damaged status Not for loan Home library Current library Shelving location Date acquired Total Checkouts Full call number Barcode Date last seen Price effective from Koha item type
    Dewey Decimal Classification     Central Library Central Library First floor 17/05/2018   539.7548 YND 000047789 15/07/2025 17/05/2018 Book - Borrowing